| 000 | 00361nam a22001337a 4500 | ||
|---|---|---|---|
| 082 |
_a300 _bJOS/C |
||
| 100 | _aJOSE, ANNMARY | ||
| 245 | _aCBSE SOCIAL SCIENCE-9 - EXAM POINT | ||
| 246 |
_aCBSE SOCIAL SCIENCE- 9 - EXAM POINT _b CBSE SOCIAL SCIENCE - 9 - EXAM POINT |
||
| 260 |
_aINDIA _bMAXIMUM _c2024 |
||
| 300 | _a474 | ||
| 650 | _aSOCIAL REFERENCE | ||
| 942 | _cBK | ||
| 999 |
_c8910 _d8910 |
||